000 00471nam a2200193Ia 4500
008 101110s9999 xx 000 0 und d
041 _aENGLISH
082 _bSR9897
_a657.2
100 _aBari & Dhanani
245 _aPrinciples of book - keeping
365 _b15.5
520 _aCommerce
546 _aENGLISH
630 _aPrinciples of book - keeping
650 _aCommerce
655 _aCommerce
730 _aPrinciples of book - keeping
942 _cBOOK
999 _c804923
_d804920